The Science of Self-Realization / Articles from Back to Godhead Magazine (Record no. 2046)

000 -LEADER
fixed length control field 00647nam a22002057a 4500
003 - CONTROL NUMBER IDENTIFIER
control field OSt
005 - DATE AND TIME OF LATEST TRANSACTION
control field 20210414105644.0
008 - FIXED-LENGTH DATA ELEMENTS--GENERAL INFORMATION
fixed length control field 210309s2006 ||||| |||| 00| 0 eng d
020 ## - INTERNATIONAL STANDARD BOOK NUMBER
International Standard Book Number 0892132868
040 ## - CATALOGING SOURCE
Original cataloging agency eng
Language of cataloging eng
Transcribing agency DLC
041 ## - LANGUAGE CODE
Language code of text/sound track or separate title eng
080 ## - UNIVERSAL DECIMAL CLASSIFICATION NUMBER
Universal Decimal Classification number 2
Item number P-90
100 ## - MAIN ENTRY--PERSONAL NAME
9 (RLIN) 1304
Personal name Prabhupada, Swami Bhaktivedanta C., A.
245 ## - TITLE STATEMENT
Title The Science of Self-Realization / Articles from Back to Godhead Magazine
Statement of responsibility, etc. / by: The Bhaktivedanta Book Trust
260 ## - PUBLICATION, DISTRIBUTION, ETC.
Place of publication, distribution, etc. Los Angeles, Califronia
Name of publisher, distributor, etc. The Bhaktivedanta Book Trust
Date of publication, distribution, etc. 2006
300 ## - PHYSICAL DESCRIPTION
Extent 322 p.
Other physical details ill.
650 #0 - SUBJECT ADDED ENTRY--TOPICAL TERM
9 (RLIN) 262
Topical term or geographic name entry element Religion
Topical term following geographic name entry element Holy Bible
653 ## - INDEX TERM--UNCONTROLLED
Uncontrolled term რელიგია
942 ## - ADDED ENTRY ELEMENTS (KOHA)
Source of classification or shelving scheme
Koha item type Books
Holdings
Withdrawn status Lost status Source of classification or shelving scheme Damaged status Not for loan Permanent location Current location Date acquired Inventory number Total Checkouts Full call number Barcode Date last seen Price effective from Koha item type
          Ken Walker International University Ken Walker International University 03/09/2021 616   2 P-90 616 03/09/2021 03/09/2021 Books

Powered by Koha